| 000 | 01026nam a2200301Ia 4500 | ||
|---|---|---|---|
| 003 | OSt | ||
| 005 | 20221007124019.0 | ||
| 006 | a|||||r|||| 00| 0 | ||
| 007 | ta | ||
| 008 | 221006b |||||||| |||| 00| 0 eng d | ||
| 020 | _a9788131220320 (hbd) | ||
| 024 | _a83642 | ||
| 037 |
_b1268, 12/03/2009, Educational Book Agency (India) _cTextbook |
||
| 040 |
_aCDL _cCDL _beng |
||
| 041 |
_2eng _aeng |
||
| 082 | _aE8g, P0 Carc | ||
| 100 |
_aKatritzky Alan R _9718310 |
||
| 245 | 0 |
_aHandbook of heterocyclic chemistry _b Pozharskii Alexander F |
|
| 250 | _a2 | ||
| 260 |
_aNoida _bElsevier _c2000 |
||
| 300 |
_axxiii, 734p. _ccm. |
||
| 500 | _aAppendix A-D, 687-708p.; References 705-708p.; Index 709-734p. | ||
| 650 |
_a Heterocyclic chemistry _9717996 |
||
| 650 | _aChemistry | ||
| 700 |
_a Pozharskii Alexander F _9718311 |
||
| 942 |
_hE8g, P0 Carc _cTB _2CC |
||
| 999 |
_c1212798 _d1212798 |
||